000 00682nam a22002051a 4500
001 18660
003 OSt
005 20260204212416.0
008 180416s2000||||ck ||||||b||||||||||spa||
020 _a9588060125
082 _a526.98 T693t
100 _aTorres Nieto,Álvaro
245 _aTopografía/Álvaro Torres Nieto y Eduardo Villate Bonilla
250 _a4
264 _aBogotá:Escuela Colombiana de Ingeniería
300 _a460 p
650 _aFotogrametría 2.Levantamiento de planos 3.Medición de altitudes 4.Medición de superficies 5.Nivelación 6.Taquimetría 7.Topografía 8.Topografía-Instrumentos
700 _aVillate Bonilla,EduardoÌ
942 _2ddc
_cBK
999 _c18660
_d18660